000 01893nam a22003017a 4500
999 _c22077
_d22077
003 AR-CdUCM
008 190425b ||||| |||| 00| 0 spa d
040 _aMUNICIPALIDAD PROVINCIAL DEL CUSCO
_cBIBLIOTECA MUNICIPAL DEL CUSCO
082 _aSitua/N°1,2/2005
245 _aSitua :
_bRevista semestral de la Facultad de Medicina Humana /
_cFacultad de Medicina Humana, Universidad Nacional de San Antonio Abad del Cusco
260 _aCusco :
_b[UNSAAC],
_c2005.
300 _a47 páginas. :
_c31 cm.
440 _aSitua revista semestral de la Facultad de Medicina Humana.
_nVol 14, N° 1-2, enero-diciembre 2005.
_947363
505 _aContenido: Identificación del vector de la Bartonelosis en zona inusual de altura del Cusco-Perú, 2005. Pablo Grajeda Ancca. -- Entorno familiar y estilos de vida de riesgo de adolescentes escolares de la ciudad del Cusco, 2006. Luis Alberto Velásquez Córdova. -- IFD para la detección del virus de la rabia en murciélagos del distrito de Huanipaca-Abancay. García Aragón, Francisco. -- Características epidemiológicas de la anemia en menores de 2° que acuden al centro de salud CLASS Wánchaq 2003-2004, Arturo Uldarico Delgado Camacho. -- Caso clínico infección crónica alveolar. Herbert Cosió Dueñas. -- Embarazo ectópico corneal a propósito de un caso. Edwin Espinoza Cáceres.
650 _aMedicina humana
_947329
650 _aSalud pública
_96404
650 _aHospitales
_947330
650 _aPartidos políticos en salud
_947364
650 _aCentros de Salud
_932510
700 _aGrajeda Ancca, Pablo
_947365
700 _aVelásquez Córdova, Luis Alberto
_947366
700 _aGarcía Aragón, Francisco
_947367
700 _aCosió Dueñas, Herbert
_947368
700 _aEspinoza Cáceres, Edwin
_947369
710 _aUniversidad Nacional de San Antonio Abad del Cusco
_915942
942 _2ddc
_cPP
945 _avhl